00825cam a2200229Ma 450000500170000000800410001702000180005802000440007603500210012004000500014104100080019106000110019924500880021026000410029830000220033949000760036165000280043765000260046565000280049170000440051970000320056320180118154111.0180116s2017 sp r 000 0 spa d a9788491130970 z9788491131465 (Versión electrónica) a(OCoLC)966458272 aCO-BoUCMbspacSandra PalaciodSandra Palacio0 aspa aWI 41800aColitis microscópicaceditores Fernando Fernández-Bañares, Alfredo J. Lucendo aBarcelona (España)bElsevierc2017 axi, 140 páginas1 aClínicas Iberoamericanas de Gastroenterología y HepatologíavV. 917aColitis xDiagnóstico27aColitis xTratamiento27aEnfermedades del colon 1 aFernández-Bañares, Fernandoeeditor1 aLucendo, Alfredo J.eeditor